000 00405cam a2200181 4500
001 D12062
008 090401t1883 xxu||||| |||| 00| 0 eng d
035 _a(Sirsi) u1018
041 _aeng
100 _aBaker, T.
245 _aLand and engineering surveying
250 _a13th
260 _bCrosby Lockwood and Co
_c1883
350 _a0
520 _aShelf 113
942 _n0
948 _c04/03/1997
999 _c85613
_d85613